00565nam a2200193Ia 4500008004100000020002100041040001900062041001200081082002400093100001700117245010000134250001200234260002800246300002700274504001900301650001300320700002000333850001800353131103s9999 xx 000 0 und d a706923405cRs.20 aLoreto College aEnglish a920/GAYbLCBED/9249 aDevi,Gayatri 2aA princess remembersb the memoirs of the Maharani of Jaipur cGayatri Devi and Santha Rama Rau a3rd ed. aGhaziabadbVikas c1983 a335 p.b ill.c 18 cm. aIncludes index aMemories aRau,Santha Rama aLCBED/920/GAY